000 00311nam a22001337a 4500
008 170601b xxu||||| |||| 00| 0 eng d
020 _a9780130975195
041 _aeng
080 _23RD
_a93
100 _a17
101 _aSHH
245 _aTERRORISM IN THE TWENTY-FIRST CENTURY
_cCOMBS, C.C
942 _2udc
_cBK
999 _c15461
_d15461